Normal view
MARC view
- De Leon, Earlene Joy A
Entry Personal Name
001 - CONTROL NUMBER
- control field: 2040
003 - CONTROL NUMBER IDENTIFIER
- control field: URS
005 - DATE AND TIME OF LATEST TRANSACTION
- control field: 20220818114142.0
008 - FIXED-LENGTH DATA ELEMENTS
- fixed length control field: 220818|| aca||aabn | a|a d
040 ## - CATALOGING SOURCE
- Original cataloging agency: URS
100 ## - HEADING--PERSONAL NAME
- Personal name: De Leon, Earlene Joy A
- Relator term: author


































